Pokémon - Les attaques de Quartermac - Statistiques

Statistiques générales
  • Ce quiz a été pris 12 fois
  • Le résultat moyen est 9 sur 14
Statistiques - réponses
Niveaux Types Noms des attaques % Correct
Départ Normal Charge
100%
Niveau 50 Combat Close Combat
100%
Niveau 60 Normal Giga Impact
100%
Niveau 25 Normal Bélier
86%
Niveau 45 Normal Damoclès
86%
Niveau 5 Combat Éclate-Roc
86%
Départ Normal Groz'Yeux
86%
Niveau 35 Combat Gonflette
71%
Niveau 30 Ténèbres Dégommage
57%
Niveau 55 Combat Contre
43%
Niveau 40 Normal Mania
43%
Niveau 15 Ténèbres Baston
29%
Niveau 20 Normal Grimace
29%
Niveau 10 Normal Puissance
29%
Aucun quiz correspondant
Distribution des résultats
% des personnes avec chaque résultat
Percentile par nombre de réponses
Votre historique - résultats
Vous n’avez pas pris ce quiz